000 00229nam a2200097Ia 4500
008 190216s9999||||xx |||||||||||||| ||und||
100 _aVijayan M R
245 0 _aMannum Sasya Poshanavum
260 _bKerala Basha Inst
942 _cBK
999 _c40455
_d40455